Cyclisme: top 20 des coureurs avec le plus grand nombre de victoires - Statistiques

Statistiques générales
  • Ce quiz a été pris 507 fois
  • Le résultat moyen est 7 sur 20
Statistiques - réponses
Pos. Nat Coureur Vict. % Correct
1er 🇧🇪 Eddy Merckx 276
93%
11e 🇫🇷 Bernard Hinault 146
79%
2e 🇬🇧 Mark Cavendish 163
79%
19e 🇸🇰 Peter Sagan 121
71%
20e 🇫🇷 Jacques Anquetil 119
53%
15e 🇪🇸 Alejandro Valverde 133
48%
18e 🇧🇪 Tom Boonen 122
45%
14e 🇫🇷 Laurent Jalabert 140
43%
7e 🇩🇪 André Greipel 158
38%
3e 🇮🇹 Mario Cipollini 163
32%
6e 🇮🇪 Sean Kelly 159
31%
9e 🇩🇪 Erik Zabel 150
30%
8e 🇮🇹 Alessandro Petacchi 150
21%
4e 🇧🇪 Rik Van Looy 162
19%
12e 🇮🇹 Francesco Moser 142
17%
5e 🇧🇪 Roger De Vlaeminck 161
16%
10e 🇧🇪 Freddy Maertens 147
10%
13e 🇮🇹 Giuseppe Saronni 141
4%
16e 🇪🇸 Miguel Poblet 129
2%
17e 🇪🇸 Domingo Perurena 123
1%
Aucun quiz correspondant
Distribution des résultats
% des personnes avec chaque résultat
Percentile par nombre de réponses
Votre historique - résultats
Vous n’avez pas pris ce quiz